000 00642nam a22002057a 4500
005 20180814112326.0
010 _aENG-123725
020 _a9780199456789
_c595.00
035 _aEN-107257
037 _bDBAD/PUB
082 _a620.5
100 _aRisal Singh
245 _aIntroduction to nanotechnology /
_cby Risal Singh [and] Shipra Mital Gupta
260 _c2016
_aNew Delhi
_bOxford University Press
270 _aYMCA Library Building, 1 Jai Singh Road,
_bNew Delhi
_e110001
300 _c24cm(pbk)
_axiv,581p.
500 _aIt include index
700 _aGupta, Shipra Mital
942 _cEN
_2ddc
_mRIS
_h620.5
999 _c155866
_d155866